Mirch Masala (Record no. 19816)

MARC details
000 -LEADER
fixed length control field 03022ngm a2200481 4500
003 - CONTROL NUMBER IDENTIFIER
control field dpl
005 - DATE AND TIME OF LATEST TRANSACTION
control field 20081215113240.0
007 - PHYSICAL DESCRIPTION FIXED FIELD--GENERAL INFORMATION
fixed length control field DVD
008 - FIXED-LENGTH DATA ELEMENTS--GENERAL INFORMATION
fixed length control field ||||||sp199 xxu|||||c ||| 00| 0 ng d
010 ## - LIBRARY OF CONGRESS CONTROL NUMBER
LC control number DVD-001476-1478 & DVD-005001-5006
024 ## - OTHER STANDARD IDENTIFIER
Terms of availability 199.00, 149.00 (Revised Price0
Standard number or code EDVD- M2518
035 ## - SYSTEM CONTROL NUMBER
System control number DVD-001476-1478
035 ## - SYSTEM CONTROL NUMBER
System control number DVD-005001-5006
040 ## - CATALOGING SOURCE
Original cataloging agency DPL
Transcribing agency DPL
082 ## - DEWEY DECIMAL CLASSIFICATION NUMBER
Classification number DVD / MIRC
245 ## - TITLE STATEMENT
Title Mirch Masala
Statement of responsibility, etc National Film Dev. Corpn. Ltd. Presents
Medium [videorecording] DVD/
260 ## - PUBLICATION, DISTRIBUTION, ETC. (IMPRINT)
Name of publisher, distributor, etc Eagle Home Entertainment
300 ## - PHYSICAL DESCRIPTION
Extent 1 videodisc DVD;
Other physical details sd., col. ;
Dimensions 4 3/4 in.
Type of unit DVD
440 ## - SERIES STATEMENT/ADDED ENTRY--TITLE
Title Eagle Home Entertainment
538 ## - SYSTEM DETAILS NOTE
System details note Dolby Digital 5.1 - Hindi Subtitles: English
538 ## - SYSTEM DETAILS NOTE
System details note Anamorphic Wide Screen Format, Presented 2:35.1 Aspect Ratio Enhancaead for 16:9 Wide Screen
650 ## - SUBJECT ADDED ENTRY--TOPICAL TERM
Topical term or geographic name as entry element Motion Picture
700 ## - ADDED ENTRY--PERSONAL NAME
Personal name Mehta, Ketan
700 ## - ADDED ENTRY--PERSONAL NAME
Personal name Chunilal
700 ## - ADDED ENTRY--PERSONAL NAME
Personal name Patil, Samita
700 ## - ADDED ENTRY--PERSONAL NAME
Personal name Shah, Naseeruddin
700 ## - ADDED ENTRY--PERSONAL NAME
Personal name Babbar, Raj
700 ## - ADDED ENTRY--PERSONAL NAME
Personal name Puri, Om
700 ## - ADDED ENTRY--PERSONAL NAME
Personal name Naval, Deepti
700 ## - ADDED ENTRY--PERSONAL NAME
Personal name Pathak, Supriya
942 ## - ADDED ENTRY ELEMENTS (KOHA)
Koha item type CD-ROMs, DVDs, VHS
Source of classification or shelving scheme Dewey Decimal Classification
Classification part DVD
Call number suffix MIRC
Holdings
Withdrawn status Lost status Source of classification or shelving scheme Damaged status Not for loan Home library Current library Date acquired Source of acquisition Cost, normal purchase price Total Checkouts Full call number Barcode Date last seen Date checked out Copy number Cost, replacement price Price effective from Koha item type Total Renewals
    Dewey Decimal Classification     Central Library Central Library 15/12/2008 Purchase 199.00 28 DVD MIRC DVD-001476 16/07/2014 09/07/2014 1 199.00 15/12/2008 CD-ROMs, DVDs, VHS  
    Dewey Decimal Classification     Janak Puri Janak Puri 26/11/2009 Pioneers/885/29-10-09/325/13-10-09 /06-11-09 149.00 8 DVD MIRC DVD-005001 27/05/2013 11/05/2013 1 149.00 26/11/2009 CD-ROMs, DVDs, VHS 2
    Dewey Decimal Classification     Karol Bagh Karol Bagh 26/11/2009 Pioneers/885/29-10-09/325/13-10-09 /06-11-09 149.00 19 DVD MIRC DVD-005004 04/04/2013 21/03/2013 1 149.00 26/11/2009 CD-ROMs, DVDs, VHS  
    Dewey Decimal Classification     Narela Narela 26/11/2009 Pioneers/885/29-10-09/325/13-10-09 /06-11-09 149.00 3 DVD MIRC DVD-005005 04/02/2012 01/02/2012 1 149.00 26/11/2009 CD-ROMs, DVDs, VHS  
    Dewey Decimal Classification     Patel Nagar Patel Nagar 15/12/2008 Purchase 199.00 22 DVD MIRC DVD-001478 01/12/2015 16/11/2015 1 199.00 15/12/2008 CD-ROMs, DVDs, VHS  
    Dewey Decimal Classification     R.K.Puram-8 R.K.Puram-8 26/11/2009 Pioneers/885/29-10-09/325/13-10-09 /06-11-09 149.00 5 DVD MIRC DVD-005002 08/03/2014 05/03/2014 1 149.00 26/11/2009 CD-ROMs, DVDs, VHS 1
    Dewey Decimal Classification     Sarojini Nagar Sarojini Nagar 15/12/2008 Purchase 199.00 17 DVD MIRC DVD-001477 13/04/2015 13/04/2015 1 199.00 15/12/2008 CD-ROMs, DVDs, VHS  
    Dewey Decimal Classification     Shahdara Branch Shahdara Branch 26/11/2009 Pioneers/885/29-10-09/325/13-10-09 /06-11-09 149.00   DVD MIRC DVD-005006 26/11/2009   1 149.00 26/11/2009 CD-ROMs, DVDs, VHS  
    Dewey Decimal Classification     Vinoba Puri Vinoba Puri 26/11/2009 Pioneers/885/29-10-09/325/13-10-09 /06-11-09 149.00 9 DVD MIRC DVD-005003 10/10/2013 26/09/2013 1 149.00 26/11/2009 CD-ROMs, DVDs, VHS  

© Delhi Public Library
Hit Counter
free hit counter